=LDR 00000nam 2200000 4500 =001 NUTBA000000000005230 =005 20141027094452.0 =006 =007 =008 =035 ##$$a 0010-101400000000460 =040 ##$$a NBPDMAT =090 ##$$a R. 912. 598 472 $b Mah a =100 ##$$a Mahyuzar =245 ##$$a Atlas tematik untuk pelajar dan umum / $c Mahyuzar dkk =260 ##$$a Jakarta : $b Bina Sumber Daya Mipa, $c 2011 =300 ##$$a vi,48 hlm. :$b ilus. ; $c 29 cm. =650 ##$$a Atlas Tematik Sulawesi Barat =850 ##$$a NBPDMAT